General knowledge quiz #5 - Statistics

General Stats
  • This quiz has been taken 58 times
  • The average score is 14 of 20
Answer Stats
Hint Answer % Correct
What year did world war 2 start 1939
98%
Capital of the united kingdom London
94%
What do you eat a day to keep the doctor away Apple
92%
In what country are 6 white kangaroos said to pull Santa’s sleigh Australia
88%
What language was spoken in ancient rome Latin
85%
How many landlocked countries are in south america 2
83%
What list is a list of all the things you want to do in your life Bucket
83%
What is the biggest country starting with J Japan
83%
What meat is used in shepherds pie Lamb
77%
What species of cat is the biggest Tiger
73%
How many rings did micheal Jordan get with the bulls 6
69%
What is the hardest rock on earth Diamond
69%
Who’s as considered the most beautiful woman in the 50s and 60s Marilyn Monroe
69%
What country did voodoo originate in Haiti
65%
What band was harry styles in before his solo career One direction
63%
What is ((8-7)^11)+2 3
54%
What is a baby horse called Foal
54%
What US state was MLK killed in Tennessee
35%
What is the first name of the boss in the office Micheal
15%
What video game “destroyed itself” after it refused to negotiate with apple and was taken off the app store Fortnite
10%
No matching quizzes found
Score Distribution
Percent of People with Each Score
Percentile by Number Answered
Your Score History
You have not taken this quiz